Представление документа в формате RUSMARC

ПолеНазваниеЗначение
  Тип записи c
  Библиографический уровень c
001 Контрольный номер RU/SLIB/B/208753049
005 Дата корректировки 20201206204140.3
010 Индекс ISBN __
d Цена 7000-00
101 Язык документа __
a Язык текста rus
200 Заглавие и сведения об ответственности 1_
a Заглавие Песни средненизовых чувашей
e Сведения, относящиеся к заглавию сборник
f Первые сведения об ответственности Чуваш. нац. акад. ; сост. М. Г. Кондратьев
b Общее обозначение материала Ноты
210 Выходные данные __
a Место издания Чебоксары
c Издательство [б. и.]
d Дата издания 1993
215 Физическое описание __
a Объем 336 с.
c Иллюстрации/тип воспроизводства ноты
300 Общие примечания __
a Общие примечания Сост. указ. на тит. л.
606 Тематические рубрики __
a Основная рубрика Музыка и зрелищные искусства
606 Тематические рубрики __
a Основная рубрика Вокальная музыка
606 Тематические рубрики __
a Основная рубрика История музыки
610 Ключевые слова __
a Ключевые слова нотные издания; песни; чувашская музыка; чувашские песни; ноты; музыкальные произведения
686 Индексы других классификаций __
a Классификационный индекс 85.92
a Классификационный индекс 85.313(2)
702 Вторичная интеллектуальная ответственность __
a Фамилия Кондратьев
b Имя М. Г.
4 Код отношения Составитель
801 Источник записи _0
a Страна RU
b Организация Муниципальное бюджетное учреждение культуры "Централизованная библиотечная система" г. Сургут (Центральная городская библиотека им. А. С. Пушкина)
g Правила каталогизации КиК/Уланова
801 Источник записи _1
a Страна RU
b Организация Муниципальное бюджетное учреждение культуры "Централизованная библиотечная система" г. Сургут (Центральная городская библиотека им. А. С. Пушкина)
g Правила каталогизации КиК/Уланова
852 Данные о местонахождении __
j Шифр хранения 85.92
c Каталожный индекс 85.92, 85.313(2)
i Авторский знак П 28
p Инвентарный номер 55279
901 Тип документа __
t Тип документа x
969 Тип издания __
a Тип издания сборник
990 Данные о заказе (DOS) __
j Количество экземпляров (DOS) 1